000 01407naa a2200289 a 4500
001 79124
003 BD-RjUL
005 20220105142016.0
008 220105m19361967n ||||| reb| 001 0 ara d
035 _a(BD-RjUL)79124
040 _aBD-RjUL
_beng
_cBD-RjUL
041 _aara/fra
082 _223
_a297.12503
_bWEM 1936,1967
100 _aWensinck, A.J.= .فنسنك, ا.ى
_9537
245 1 4 _aالمعجم المفهرس للفاح الحديث النبوي: حن الكتب الستاء ومسند الدرمي والموضع مالك ومسند أحمد بن حنبل = Concordance et indices de la tradition musulmane : les six livres, le Musnad d'Al-Dārimī, le Muwatta' de Mālik, le Musnad de Ahmad Ibn Hanbal /
_c, A.J. Wensinck = ا ى ونسنك
260 _aLeiden : ليدن :
_bE. J. Brill ,مطبعة بريل في المدية ,
_c1932, 1967 [١٩٦٧] [ ١٩٣٦]
300 _av. ;
_c40 cm
490 _aUnion Academique Internationale = الاتحاد الامي للمجامع العلمية
504 _aIncludes bibliographical reference
505 _a --Vol. 1. ا ح
505 _aV. 6.كرم-نكل
650 _aDictionary
_vHadith
_9170
650 _a Hadith
_vConcordances.
_9538
650 _aQurʼan
_vConcordances.
_9539
830 _aUnion Academique Internationale = الاتحاد الامي للمجامع العلمية
_9543
942 _2ddc
_cREF
999 _c79124
_d79124